000 00420nam a22001697a 4500
005 20160701121212.0
008 160701b xxu||||| |||| 00| 0 eng d
020 _a978-81-318-0245-8
041 _aeng
082 _b20397
100 _aSingh Balwinder & disct Ashish
_93394
245 _aAnalog Electronics
260 _buniversity science
_c2007
300 _a276
650 _aDiploma Engineering
_9817
942 _cBK
999 _c5071
_d5069